The grave robber : (Record no. 8278)

MARC details
000 -LEADER
fixed length control field 01120cam a2200313 i 4500
001 - CONTROL NUMBER
control field 18182323
003 - CONTROL NUMBER IDENTIFIER
control field GBCCL
005 - DATE AND TIME OF LATEST TRANSACTION
control field 20241126110647.0
008 - FIXED-LENGTH DATA ELEMENTS--GENERAL INFORMATION
fixed length control field 140609s2014 miu 000 0 eng
010 ## -
-- 2014007429
020 ## - INTERNATIONAL STANDARD BOOK NUMBER
International Standard Book Number 9780801015946 (cloth)
040 ## - CATALOGING SOURCE
Original cataloging agency DLC
Language of cataloging eng
Transcribing agency DLC
Description conventions rda
Modifying agency DLC
042 ## -
-- pcc
050 00 -
-- BS2615.6.M5
-- B38 2014
082 00 - DEWEY DECIMAL CLASSIFICATION NUMBER
Classification number 226.706
Edition information 23
Item number BAT
100 1# - MAIN ENTRY--PERSONAL NAME
Personal name Batterson, Mark.
9 (RLIN) 14429
245 14 - TITLE STATEMENT
Title The grave robber :
Remainder of title how Jesus can make your impossible possible /
Statement of responsibility, etc. Mark Batterson.
260 ## - PUBLICATION, DISTRIBUTION, ETC.
Place of publication, distribution, etc. Secunderabad:
Name of publisher, distributor, etc. GS Books,
Date of publication, distribution, etc. 2015.
264 #1 - PRODUCTION, PUBLICATION, DISTRIBUTION, MANUFACTURE, AND COPYRIGHT NOTICE
Place of production, publication, distribution, manufacture Grand Rapids, Michigan :
Name of producer, publisher, distributor, manufacturer Baker Books, a division of Baker Publishing Group,
Date of production, publication, distribution, manufacture, or copyright notice [2014]
300 ## - PHYSICAL DESCRIPTION
Extent 275 pages ;
Dimensions 23 cm
336 ## - CONTENT TYPE
Content type term text
Content type code txt
Source rdacontent
337 ## - MEDIA TYPE
Media type term unmediated
Media type code n
Source rdamedia
338 ## - CARRIER TYPE
Carrier type term volume
Carrier type code nc
Source rdacarrier
630 00 - SUBJECT ADDED ENTRY--UNIFORM TITLE
Uniform title Bible.
Name of part/section of a work John
General subdivision Criticism, interpretation, etc.
9 (RLIN) 1842
650 #0 - SUBJECT ADDED ENTRY--TOPICAL TERM
Topical term or geographic name entry element Miracles
General subdivision Biblical teaching.
9 (RLIN) 4064
906 ## - LOCAL DATA ELEMENT F, LDF (RLIN)
a 7
b cbc
c orignew
d 1
e ecip
f 20
g y-gencatlg
942 ## - ADDED ENTRY ELEMENTS (KOHA)
Source of classification or shelving scheme Dewey Decimal Classification
Koha item type Books
Koha issues (borrowed), all copies 1
Holdings
Withdrawn status Lost status Source of classification or shelving scheme Damaged status Not for loan Home library Current Library Shelving location Date acquired Source of acquisition Cost, normal purchase price Total checkouts Full call number Barcode Date last seen Date last checked out Copy number Cost, replacement price Price effective from Koha item type
    Dewey Decimal Classification     GRACE BIBLE COLLEGE GRACE BIBLE COLLEGE Biblical Studies 2019-11-12 18 150.50 2 226.706 BAT 013725 2025-05-01 2025-02-11 c.1 175.00 2019-11-12 Books
© Grace Bible College Library 2025